[Event "Tournoi Skype 008"]
[Site "Skype"]
[Date "????.??.??"]
[Round "5.1"]
[White "Hervais, Adrien"]
[Black "Lambert, Pierre"]
[Result "1/2-1/2"]
[WhiteElo "1992"]
[BlackElo "1822"]
[PlyCount "111"]

1. e4 c5 2. Nf3 Nc6 3. c3 d6 4. d4 Nf6 5. Be2 e6 6. d5 exd5 7. exd5 Ne7 8. c4
Ng6 9. O-O Be7 10. Nc3 O-O 11. Re1 Bf5 12. Bd3 Bxd3 13. Qxd3 Qd7 14. b3 Rfe8
15. Bb2 Nf4 16. Qf1 Qf5 17. Rad1 Bf8 18. Bc1 Rxe1 19. Rxe1 Re8 20. Rxe8 Nxe8
21. Bxf4 Qxf4 22. Qd1 Nf6 23. Ne2 Qg4 24. h3 Qe4 25. Ng3 Qe8 26. Qd2 g6 27. Qf4
Qe7 28. Nh2 Qe1+ 29. Nhf1 Qe7 30. a3 a5 31. Ne3 Bg7 32. Kf1 Nd7 33. Nd1 Qe5 34.
Qxe5 Bxe5 35. Ne4 Nf6 36. Nd2 Kf8 37. Ke2 Ke7 38. g3 Nd7 39. Ne4 h6 40. f4 Bg7
41. Nec3 Bxc3 42. Nxc3 Nf6 43. Kf3 Kd7 44. Nd1 Ke7 45. Ne3 Kd7 46. g4 Ne8 47.
h4 Ng7 48. Ke4 Ke7 49. g5 hxg5 50. fxg5 f5+ 51. gxf6+ Kxf6 52. Ng4+ Kf7 53. Ne3
Kf6 54. Kf4 Nh5+ 55. Kg4 Ng7 56. Kf4 1/2-1/2

[Event "Tournoi Skype 008"]
[Site "Skype"]
[Date "????.??.??"]
[Round "5.2"]
[White "Jacquelin, Norbert"]
[Black "Plourde, Alain"]
[Result "1-0"]
[WhiteElo "1716"]
[BlackElo "1789"]
[PlyCount "93"]

1. e4 c6 2. d4 d5 3. exd5 cxd5 4. c4 Nf6 5. Nc3 e6 6. c5 Nc6 7. Nf3 g6 8. Bg5
Bg7 9. Bb5 a6 10. Bd3 O-O 11. O-O Qc7 12. Rc1 Nb4 13. Bb1 Bd7 14. a3 Nc6 15.
Re1 Na5 16. b3 Nc6 17. Qd2 Na5 18. Bc2 Nc6 19. Bf4 Qa5 20. h3 Na7 21. b4 Qd8
22. Bd6 Re8 23. Ne5 Nc8 24. Nxd7 Qxd7 25. Be5 Nh5 26. Bxg7 Nxg7 27. a4 Ne7 28.
b5 axb5 29. axb5 h5 30. Qf4 Rec8 31. Ra1 Ngf5 32. g4 Rxa1 33. Rxa1 Qc7 34. Qxc7
Rxc7 35. gxf5 Nxf5 36. Bxf5 gxf5 37. Ra7 Kg7 38. c6 Rc8 39. Rxb7 Kf6 40. Na4 e5
41. Nb6 Rg8+ 42. Kf1 exd4 43. c7 d3 44. Nxd5+ Ke5 45. Rb8 Rc8 46. Rxc8 d2 47.
Ke2 1-0

[Event "Tournoi Skype 008"]
[Site "Skype"]
[Date "????.??.??"]
[Round "5.3"]
[White "Ayotte, Jocelyn"]
[Black "Harnandan, Sergio"]
[Result "0-1"]
[WhiteElo "2110"]
[BlackElo "1982"]
[PlyCount "68"]

1. d4 Nf6 2. c4 e5 3. d5 Bc5 4. Nc3 d6 5. e3 Nbd7 6. Bd3 Nb6 7. Qc2 Bd7 8. Nge2
Qe7 9. Ng3 g6 10. a3 a5 11. b3 c6 12. e4 Ng4 13. Nd1 h5 14. h3 Nf6 15. Bg5 h4
16. Ne2 Rh5 17. Bd2 cxd5 18. cxd5 Rc8 19. Qb2 Nbxd5 20. exd5 e4 21. Bc2 Nxd5
22. O-O e3 23. Nxe3 Nxe3 24. Bxe3 Bxe3 25. fxe3 Qxe3+ 26. Kh2 Bxh3 27. Rae1 Be6
28. Nf4 Qg3+ 29. Kg1 h3 30. Bxg6 hxg2 31. Bxh5 gxf1=Q+ 32. Kxf1 Qxf4+ 33. Qf2
Qxf2+ 34. Kxf2 Kd7 0-1

[Event "Tournoi Skype 008"]
[Site "Skype"]
[Date "????.??.??"]
[Round "5.4"]
[White "Nicole, Chantal"]
[Black "Auger, Bertrand"]
[Result "0-1"]
[WhiteElo "1626"]
[BlackElo "2027"]
[PlyCount "44"]

1. c4 c5 2. g3 Nc6 3. Bg2 g6 4. Nc3 Bg7 5. e4 e6 6. Nge2 Nge7 7. O-O O-O 8. d3
b6 9. Be3 Bb7 10. Qd2 Ne5 11. h3 f5 12. f4 Nf7 13. Rad1 Rc8 14. b3 Qc7 15. d4
fxe4 16. dxc5 bxc5 17. Qxd7 Nf5 18. Qxc7 Rxc7 19. Nb5 Nxe3 20. Nxc7 Nxf1 21.
Kxf1 Nd8 22. Nc3 Bxc3 0-1

[Event "Tournoi Skype 008"]
[Site "Skype"]
[Date "????.??.??"]
[Round "5.5"]
[White "Catherine, Bertrand"]
[Black "Megelas, Florent"]
[Result "1/2-1/2"]
[WhiteElo "1965"]
[BlackElo "1571"]
[PlyCount "61"]

1. d4 d5 2. c4 e6 3. Nc3 Nf6 4. Bg5 Bb4 5. cxd5 Bxc3+ 6. bxc3 exd5 7. e3 Qd6 8.
Bf4 Qe7 9. Qb3 c6 10. Nf3 O-O 11. Bd3 Nbd7 12. O-O c5 13. c4 dxc4 14. Bxc4 cxd4
15. exd4 Nb6 16. Rfe1 Qd8 17. Bb5 Be6 18. Qb2 Rc8 19. Bg5 h6 20. Bh4 Nbd5 21.
Rac1 Qb6 22. Bxf6 Nxf6 23. Qe2 a6 24. Bd3 Rxc1 25. Rxc1 Rc8 26. Rxc8+ Bxc8 27.
h3 Be6 28. Qe5 Nd7 29. Qe4 Nf6 30. Qe5 Nd7 31. Qe4 1/2-1/2

[Event "Tournoi Skype 008"]
[Site "Skype"]
[Date "????.??.??"]
[Round "5.6"]
[White "Engstrom, Olle"]
[Black "Deville, Olivier"]
[Result "0-1"]
[WhiteElo "1570"]
[BlackElo "1899"]
[PlyCount "88"]

1. e4 c5 2. Nf3 d6 3. d4 cxd4 4. Nxd4 Nf6 5. Nc3 a6 6. Bg5 e6 7. f4 h6 8. Bh4
Qb6 9. a3 Nc6 10. Bf2 Qc7 11. Be2 Bd7 12. Qd2 Rc8 13. O-O Be7 14. Nf3 Ng4 15.
Bg3 Qb6+ 16. Kh1 Qe3 17. Qd3 Na5 18. h3 Qxd3 19. Bxd3 Ne3 20. Rfe1 Nec4 21. b3
Nb2 22. Ne2 Nxd3 23. cxd3 Nxb3 24. Rab1 Nc5 25. d4 Nxe4 26. Rxb7 Bb5 27. Bh2
Rc2 28. Ng3 Nf2+ 29. Kg1 Nd3 30. Rd1 Nxf4 31. Rb8+ Bd8 32. Ne4 Ne2+ 33. Kh1 O-O
34. Nxd6 Bc7 35. Rxf8+ Kxf8 36. Nxb5 Bxh2 37. Kxh2 axb5 38. Rb1 Nc3 39. Ne1
Rxg2+ 40. Nxg2 Nxb1 41. Nf4 Nxa3 42. Kg3 b4 43. Nd3 b3 44. Kf2 Nc4 0-1

[Event "Tournoi Skype 008"]
[Site "Skype"]
[Date "????.??.??"]
[Round "5.7"]
[White "Rajpurohit, Dinesh"]
[Black "Janssen, Gerard"]
[Result "1/2-1/2"]
[WhiteElo "1699"]
[BlackElo "1548"]
[PlyCount "108"]

1. e4 e5 2. Bc4 Nf6 3. d3 Bb4+ 4. Bd2 Bxd2+ 5. Nxd2 Nc6 6. c3 Na5 7. Ngf3 Nxc4
8. Nxc4 d6 9. Qb3 O-O 10. h3 a6 11. Ne3 g6 12. Qc2 Kg7 13. Qd2 h5 14. g4 c6 15.
gxh5 Nxh5 16. Ng4 Nf4 17. O-O-O f5 18. exf5 Bxf5 19. Qe3 Qa5 20. a3 Rfe8 21.
Nh4 Qd5 22. Nxf5+ gxf5 23. Nh2 Kf6 24. d4 Qe4 25. Qxe4 fxe4 26. dxe5+ Rxe5 27.
Ng4+ Ke6 28. Nxe5 Kxe5 29. Kb1 Rh8 30. h4 d5 31. Rdg1 Nd3 32. h5 Nxf2 33. Rh2
e3 34. h6 Kf4 35. h7 Kf3 36. Rg8 e2 37. Rg1 Nd3 38. Rxe2 Kxe2 39. Rg7 Nc5 40.
Kc2 a5 41. b4 axb4 42. cxb4 Na6 43. Rxb7 Ke3 44. Kc3 Ke4 45. Ra7 d4+ 46. Kc4 c5
47. bxc5 Nxc5 48. Kxc5 Rc8+ 49. Kb6 d3 50. Re7+ Kd4 51. Rc7 Rh8 52. Rd7+ Kc3
53. a4 d2 54. Rc7+ Kb3 1/2-1/2

[Event "Tournoi Skype 008"]
[Site "Skype"]
[Date "????.??.??"]
[Round "5.8"]
[White "Peignien, Laurent"]
[Black "De Coninck, Philippe"]
[Result "1-0"]
[WhiteElo "1667"]
[BlackElo "1526"]
[PlyCount "77"]

1. e4 e5 2. Nf3 Nc6 3. d4 exd4 4. Nxd4 Bc5 5. Nxc6 dxc6 6. Qxd8+ Kxd8 7. Bc4
Ke7 8. Bf4 Nf6 9. Nd2 Rd8 10. f3 Rd7 11. O-O-O b5 12. Be2 Bb7 13. h4 Nh5 14.
Bh2 Be3 15. g4 Nf6 16. Bg3 Rad8 17. Be1 c5 18. Bxb5 c6 19. Bc4 Rd4 20. b3 a5
21. h5 h6 22. Rh2 Rc8 23. Bg3 Rcd8 24. e5 Nd5 25. Bh4+ f6 26. exf6+ gxf6 27.
Bxd5 R8xd5 28. Re2 Re5 29. Rde1 Bxd2+ 30. Rxd2 Rxd2 31. Rxe5+ Kd6 32. Rf5 Re2
33. Rxf6+ Re6 34. Rf4 Ba6 35. c4 Re2 36. a4 Ke5 37. Rf5+ Kd4 38. Bf6+ Kd3 39.
Rxc5 1-0

[Event "Tournoi Skype 008"]
[Site "Skype"]
[Date "????.??.??"]
[Round "5.9"]
[White "Duthoit, Bernard"]
[Black "Dubois, Real"]
[Result "1/2-1/2"]
[WhiteElo "1619"]
[BlackElo "1500"]
[PlyCount "91"]

1. e4 e5 2. Nf3 d6 3. d4 exd4 4. Nxd4 Nf6 5. Nc3 Be7 6. Be3 Bd7 7. Bd3 Nc6 8.
Nce2 Ne5 9. O-O O-O 10. Nf3 Nxf3+ 11. gxf3 a6 12. Kh1 Re8 13. Rg1 g6 14. f4 Bf8
15. Ng3 Ng4 16. Qd2 Nxe3 17. Qxe3 Bh6 18. Qf3 Qf6 19. c3 Qxf4 20. Qxf4 Bxf4 21.
Nh5 Be5 22. f4 Bg7 23. f5 Re5 24. Nxg7 Kxg7 25. Raf1 Kh8 26. h4 Rg8 27. Rf4 d5
28. exd5 Rxd5 29. Bc4 Rxf5 30. Rxf5 gxf5 31. Bxf7 Rxg1+ 32. Kxg1 Kg7 33. Bd5 c6
34. Bf3 h6 35. b4 Kf6 36. a3 f4 37. Kf2 Ke5 38. Ke2 Bf5 39. Kd2 Be4 40. Ke2 Kf5
41. Kf2 Bd5 42. Ke2 Bc4+ 43. Kd2 Ke5 44. Ke1 Bd3 45. Kf2 Be4 46. Ke2 1/2-1/2

[Event "Tournoi Skype 008"]
[Site "Skype"]
[Date "????.??.??"]
[Round "5.10"]
[White "Bourdeau, Yvan"]
[Black "Le Brun, Yves"]
[Result "1-0"]
[WhiteElo "1607"]
[BlackElo "1607"]
[PlyCount "143"]

1. e4 c5 2. Nf3 d6 3. d4 cxd4 4. Nxd4 a6 5. a4 e5 6. Nb3 Be6 7. Nc3 Nf6 8. Bg5
Be7 9. Nd5 Nxd5 10. exd5 Bf5 11. Bxe7 Qxe7 12. Qd2 O-O 13. O-O-O Rc8 14. c3 Qc7
15. Bd3 Bxd3 16. Qxd3 Qb6 17. Qf5 Rc7 18. Kc2 Nd7 19. Rd3 Nc5 20. Nxc5 Rxc5 21.
Rf3 Qc7 22. Rd1 Re8 23. Rh3 g6 24. Qg5 f5 25. Rdd3 Qg7 26. Rh6 Qe7 27. Qxe7
Rxe7 28. Rhh3 b5 29. Kb3 bxa4+ 30. Kxa4 a5 31. Rhe3 Ra7 32. Re1 Rc4+ 33. Ka3 a4
34. Rb1 Ra5 35. b3 axb3+ 36. Kxb3 Rca4 37. Kc2 e4 38. Rd4 Rxd4 39. cxd4 Rxd5
40. Rb4 h5 41. Kd2 Kf7 42. Ke3 g5 43. f3 exf3 44. Kxf3 Ke6 45. Ke3 Ra5 46. Rb8
Kd5 47. Rh8 Ra3+ 48. Kf2 h4 49. Rg8 g4 50. Rd8 Ra2+ 51. Kf1 Rd2 52. Ra8 Rxd4
53. Ra5+ Ke4 54. Ra1 d5 55. Re1+ Kf4 56. Kg1 Re4 57. Rf1+ Ke3 58. Re1+ Kd4 59.
Rd1+ Ke5 60. Kf2 d4 61. g3 Re3 62. gxh4 Ke4 63. h5 f4 64. h6 Rh3 65. h7 Rxh7
66. Re1+ Kd5 67. Re8 Rxh2+ 68. Ke1 f3 69. Rd8+ Ke4 70. Re8+ Kd3 71. Ra8 Rh1+
72. Kf2 1-0

[Event "Tournoi Skype 008"]
[Site "Skype"]
[Date "????.??.??"]
[Round "5.11"]
[White "Legueltel, Daniel"]
[Black "Sharma, Mayank"]
[Result "1-0"]
[WhiteElo "1725"]
[BlackElo "1699"]
[PlyCount "137"]

1. d4 Nf6 2. c4 e6 3. Nc3 d5 4. Nf3 Nbd7 5. Bg5 Be7 6. e3 O-O 7. Qc2 c5 8. cxd5
exd5 9. Bd3 a6 10. dxc5 Nxc5 11. O-O h6 12. Bh4 Bg4 13. Nd4 Nxd3 14. Qxd3 Qd7
15. Rac1 Rfe8 16. h3 Bxh3 17. gxh3 Qxh3 18. Bg3 Ng4 19. Qe2 Bh4 20. Qf3 Bxg3
21. Qxg3 Qh5 22. Nce2 Nf6 23. Nf4 Qe5 24. Qg2 Rad8 25. Rc2 h5 26. Nd3 Qe4 27.
Nc5 Qxg2+ 28. Kxg2 Re7 29. Rfc1 g6 30. Nd3 Rdd7 31. b4 Ne4 32. Nc5 Nxc5 33.
Rxc5 f6 34. Rd1 g5 35. Nf5 Re5 36. Rcxd5 Rexd5 37. Rxd5 Rc7 38. a4 Kf7 39. Rd4
Kg6 40. Nd6 Rh7 41. Ne4 g4 42. Rd6 Rf7 43. Kg3 Kf5 44. Nc5 Kg5 45. Rb6 h4+ 46.
Kh2 f5 47. Rxb7 Rf6 48. b5 axb5 49. axb5 f4 50. exf4+ Kxf4 51. b6 Kf3 52. Kg1
h3 53. Nd7 Rh6 54. Ne5+ Kf4 55. Nd3+ Ke4 56. Nc5+ Kd5 57. Na4 Kc6 58. Rc7+ Kd6
59. Rg7 Rh8 60. Rxg4 Rh7 61. Rb4 Kc6 62. Kh2 Rf7 63. Kxh3 Kb7 64. Kg3 Rg7+ 65.
Kf3 Rf7+ 66. Rf4 Re7 67. Rf6 Rh7 68. Nc5+ Kb8 69. Rf8# 1-0

[Event "Tournoi Skype 008"]
[Site "Skype"]
[Date "????.??.??"]
[Round "5.12"]
[White "Murgia, Stefano"]
[Black "Trivedi, Viral"]
[Result "1-0"]
[WhiteElo "1719"]
[BlackElo "1499"]
[PlyCount "55"]

1. e4 e5 2. Nf3 Nc6 3. Bb5 Bc5 4. c3 a6 5. Ba4 Nf6 6. d3 Ng4 7. O-O h6 8. h3
Nxf2 9. Rxf2 Bxf2+ 10. Kxf2 b5 11. Bb3 a5 12. Bd5 Ra6 13. Be3 Ne7 14. Bb3 Rf6
15. Kg1 d6 16. Nbd2 Rg6 17. Kh2 Ng8 18. d4 Qf6 19. Qe2 Bd7 20. Rf1 exd4 21.
cxd4 h5 22. e5 dxe5 23. Nxe5 Bf5 24. Bxf7+ Kf8 25. Bxg6 Qd6 26. Rxf5+ Ke7 27.
Bf4 Nh6 28. Nc6+ 1-0

[Event "Tournoi Skype 008"]
[Site "Skype"]
[Date "????.??.??"]
[Round "5.13"]
[White "Loyarte, Frederic"]
[Black "De Leener, Luc"]
[Result "0-1"]
[WhiteElo "1487"]
[BlackElo "1704"]
[PlyCount "74"]

1. d4 Nf6 2. c4 g6 3. Nc3 d5 4. cxd5 Nxd5 5. e4 Nxc3 6. bxc3 Bg7 7. Bc4 O-O 8.
Nf3 c5 9. Be3 Nc6 10. O-O Bg4 11. dxc5 Qxd1 12. Rfxd1 Rad8 13. Be2 Bxf3 14.
Bxf3 Bxc3 15. Rxd8 Rxd8 16. Rd1 Rxd1+ 17. Bxd1 Bd4 18. Bxd4 Nxd4 19. Kf1 Kf8
20. Be2 e5 21. g3 Ne6 22. c6 bxc6 23. Bc4 Ke7 24. Ke2 Nd4+ 25. Ke3 g5 26. f4
gxf4+ 27. gxf4 f6 28. h4 h6 29. a3 Nc2+ 30. Kd3 Nxa3 31. Ba6 exf4 32. Ke2 Kd6
33. Kf3 Ke5 34. h5 f5 35. Bd3 fxe4+ 36. Bxe4 c5 37. Bd3 c4 0-1

[Event "Tournoi Skype 008"]
[Site "Skype"]
[Date "????.??.??"]
[Round "5.14"]
[White "Fouquereau, Andre"]
[Black "Talbot, Jacques"]
[Result "1-0"]
[WhiteElo "1535"]
[BlackElo "1462"]
[PlyCount "101"]

1. e4 e5 2. Nf3 d6 3. c3 Nf6 4. Be2 Bd7 5. Qc2 Be7 6. d4 exd4 7. Nxd4 O-O 8.
O-O Nc6 9. Nf5 Bxf5 10. exf5 Re8 11. Bd3 Ne5 12. Bg5 Nxd3 13. Qxd3 Nd7 14. Be3
Ne5 15. Qc2 Bf6 16. Nd2 Qd7 17. Rad1 Re7 18. h3 a6 19. f4 Nc6 20. Bf2 Rae8 21.
Rde1 Rxe1 22. Rxe1 Rxe1+ 23. Bxe1 Ne7 24. g4 Nd5 25. Bg3 Kf8 26. Ne4 Be7 27.
Ng5 Bxg5 28. fxg5 Qe7 29. Qc1 Qe3+ 30. Qxe3 Nxe3 31. b3 Ke8 32. Bf4 Nd5 33. Bd2
Kd7 34. Kf2 c6 35. Kf3 Ne7 36. Ke4 b5 37. h4 Nd5 38. b4 Ne7 39. a3 Nd5 40. Kd4
Ne7 41. h5 Nd5 42. c4 Ne7 43. c5 d5 44. Ke5 Ng8 45. Bc3 Ne7 46. f6 gxf6+ 47.
Kxf6 Ng8+ 48. Kg7 Ne7 49. Kxf7 Kd8 50. Bf6 Kd7 51. Bxe7 1-0

[Event "Tournoi Skype 008"]
[Site "Skype"]
[Date "????.??.??"]
[Round "5.15"]
[White "Gharbi, Said"]
[Black "Malbec, Robert"]
[Result "0-1"]
[WhiteElo "1437"]
[BlackElo "1528"]
[PlyCount "172"]

1. e4 c6 2. d4 d5 3. Nc3 dxe4 4. Nxe4 Bf5 5. Nc5 e6 6. Be3 b6 7. Na6 Nxa6 8.
Bxa6 b5 9. c4 Qa5+ 10. Bd2 Qxa6 11. Qf3 Nf6 12. cxb5 Qxb5 13. Rc1 Be4 14. Qg3
Bg6 15. Qc7 Qb6 16. Rxc6 Qxc7 17. Rxc7 Bd6 18. Rc6 Kd7 19. Ra6 Rhc8 20. Nf3 Ne4
21. Be3 f5 22. O-O Rc6 23. Ra5 h6 24. Rd1 f4 25. Ne5+ Bxe5 26. dxe5+ Kc7 27.
Bxf4 Kb6 28. Ra3 a6 29. Rd7 Rc7 30. Be3+ Kc6 31. Rd4 Kb7 32. Rb3+ Kc8 33. f3
Nc5 34. Ra3 Nd7 35. Rd6 Bf7 36. f4 a5 37. b4 a4 38. b5 Nc5 39. b6 Rd7 40. Rc6+
Kb7 41. Rxc5 Kxb6 42. Rc4+ Kb5 43. Rc5+ Kb6 44. Rc8+ Kb7 45. Rxa8 Kxa8 46.
Rxa4+ Kb8 47. Rc4 Rd3 48. Bc5 Rd1+ 49. Kf2 Rd2+ 50. Kg3 Rxa2 51. Bf8 g5 52.
Bxh6 gxf4+ 53. Bxf4 Bg6 54. Rd4 Bf5 55. Rd8+ Kc7 56. Rd6 Ra3+ 57. Kf2 Ra4 58.
g3 Ra2+ 59. Bd2 Ra1 60. h4 Rh1 61. Ba5+ Kb7 62. Rd7+ Ka6 63. Bd8 Rh2+ 64. Kg1
Re2 65. Rf7 Rxe5 66. h5 Bg4 67. h6 Rh5 68. h7 Bf5 69. Rg7 Bxh7 70. g4 Rd5 71.
Bh4 Be4 72. Kf2 Kb5 73. Rc7 Rd3 74. g5 Rf3+ 75. Ke2 Rh3 76. Bf2 Rh2 77. Rc5+
Kb4 78. Re5 Bf5 79. Kf3 Rh5 80. Kf4 Rh2 81. Be1+ Kc4 82. Ke3 Rh5 83. Kf4 Rh1
84. g6 Bxg6 85. Rxe6 Bf7 86. Rd6 Rxe1 0-1

[Event "Tournoi Skype 008"]
[Site "Skype"]
[Date "????.??.??"]
[Round "5.16"]
[White "Ahmed, Tauseef"]
[Black "Saidi, Bhen"]
[Result "0-1"]
[WhiteElo "1499"]
[BlackElo "1436"]
[PlyCount "76"]

1. e4 e6 2. Nf3 c5 3. d4 Nf6 4. Nc3 d5 5. e5 Ne4 6. Nxe4 dxe4 7. Ng5 Nc6 8. c3
cxd4 9. Nxe4 Nxe5 10. cxd4 Ng6 11. Qf3 Bb4+ 12. Bd2 Bxd2+ 13. Nxd2 O-O 14. Bd3
Qxd4 15. Nc4 f5 16. O-O e5 17. Nxe5 Nxe5 18. Qe2 Nxd3 19. Rae1 Nxe1 20. Rxe1
Qd7 21. Rd1 Qf7 22. Rd4 Be6 23. Rf4 Rad8 24. h3 Qf6 25. Rb4 Bd5 26. Qc2 Rc8 27.
Qd2 Rfd8 28. Rd4 Qe5 29. Rd3 Qe4 30. f3 Qe6 31. Re3 Qh6 32. Qd4 a6 33. Re7 Qf6
34. Re5 Bxa2 35. Qf4 Be6 36. Qe3 f4 37. Qe4 Rc1+ 38. Kh2 Qh4 0-1

[Event "Tournoi Skype 008"]
[Site "Skype"]
[Date "????.??.??"]
[Round "5.17"]
[White "Briere, Jean"]
[Black "Coruble, Didier"]
[Result "1-0"]
[WhiteElo "1499"]
[BlackElo "1429"]
[PlyCount "61"]

1. e4 c5 2. Bb5 a6 3. Bc4 e6 4. Nc3 b5 5. Be2 Nf6 6. e5 Nd5 7. Nxd5 exd5 8. Nf3
h6 9. d4 c4 10. c3 Be7 11. O-O g5 12. h3 d6 13. exd6 Qxd6 14. Ne5 Qf6 15. Bg4
Bb7 16. Re1 h5 17. Qf3 Ra7 18. Qxf6 Bxf6 19. Ng6+ Kd8 20. Nxh8 hxg4 21. Nxf7+
Kc7 22. Bxg5 Bxg5 23. Nxg5 gxh3 24. Ne6+ Kb6 25. Re5 hxg2 26. Rg5 Nd7 27. Rxg2
Nf6 28. Re1 Ra8 29. Re3 Re8 30. Rg6 Nh5 31. Ng7+ 1-0

[Event "Tournoi Skype 008"]
[Site "Skype"]
[Date "????.??.??"]
[Round "5.18"]
[White "L'Herbon De Lussats, Jean"]
[Black "Hague, Mark"]
[Result "1-0"]
[WhiteElo "1428"]
[BlackElo "1499"]
[PlyCount "57"]

1. c4 b6 2. d4 Bb7 3. Nc3 e6 4. d5 exd5 5. cxd5 Bb4 6. e4 Nf6 7. Bd3 h6 8. Nge2
O-O 9. O-O Re8 10. Ng3 Re5 11. Bf4 Re7 12. Qc2 d6 13. Nd1 Nbd7 14. Ne3 g5 15.
Nef5 gxf4 16. Nxe7+ Qxe7 17. Nf5 Qf8 18. a3 Bc5 19. b4 f3 20. gxf3 Kh7 21. bxc5
Qg8+ 22. Kh1 Qh8 23. c6 Rg8 24. Rg1 Rxg1+ 25. Rxg1 Nc5 26. cxb7 Nxb7 27. Ne7
Nc5 28. e5+ Nxd3 29. Qxd3+ 1-0

[Event "Tournoi Skype 008"]
[Site "Skype"]
[Date "????.??.??"]
[Round "5.20"]
[White "Mertz, Kathy"]
[Black "Gerbaux, Regis"]
[Result "1-0"]
[WhiteElo "1499"]
[BlackElo "1351"]
[PlyCount "77"]

1. e4 e6 2. Nf3 d5 3. e5 c5 4. d4 Nc6 5. Bb5 Bd7 6. Bxc6 Bxc6 7. Nc3 Qb6 8. O-O
Ne7 9. dxc5 Qxc5 10. Qd4 Nf5 11. Qxc5 Bxc5 12. Rd1 O-O 13. b3 Rfd8 14. Bb2 a6
15. Rd2 Rd7 16. Rad1 Rad8 17. Na4 Bxa4 18. bxa4 Ne3 19. Rb1 Nc4 20. Rd3 Nxb2
21. Rxb2 h6 22. c3 d4 23. Rbd2 Kh7 24. Nxd4 Bxd4 25. Rxd4 Rxd4 26. Rxd4 Rxd4
27. cxd4 Kg8 28. Kf1 Kf8 29. Ke2 Ke7 30. Kd3 Kd7 31. Kc4 Kc6 32. g4 f6 33. f4
fxe5 34. dxe5 b5+ 35. axb5+ axb5+ 36. Kd4 Kc7 37. f5 exf5 38. gxf5 Kd7 39. Kc5
1-0

[Event "Tournoi Skype 008"]
[Site "Skype"]
[Date "????.??.??"]
[Round "5.22"]
[White "Tayyab, Sheikh"]
[Black "Philibert, Andre"]
[Result "1-0"]
[WhiteElo "1499"]
[BlackElo "1299"]
[PlyCount "81"]

1. e4 e5 2. Nf3 d6 3. Bc4 Be7 4. h3 Nf6 5. d3 O-O 6. O-O Nc6 7. Nc3 Re8 8. Be3
b6 9. Ng5 Be6 10. Bxe6 fxe6 11. Nxe6 Qd7 12. Ng5 h6 13. Nf3 Rf8 14. d4 exd4 15.
Nxd4 Ne5 16. Bf4 Rad8 17. Bxe5 Nxe4 18. Nxe4 dxe5 19. Nf3 Qe6 20. Nfd2 Rf4 21.
Qe2 Rdf8 22. f3 Rh4 23. Qc4 Qxc4 24. Nxc4 Bf6 25. Rad1 b5 26. Na5 Re8 27. Nxf6+
gxf6 28. Nc6 Kh7 29. Nxa7 Rg8 30. Rd7+ Kh8 31. Rfd1 Rg3 32. Rxc7 Rhxh3 33. Rd8+
Rg8 34. Rdd7 Rg7 35. Rxg7 Rh5 36. Rh7+ Kg8 37. Rcf7 Rg5 38. Nc6 Rg7 39. Rhxg7+
Kh8 40. Ne7 e4 41. Rh7# 1-0

[Event "Tournoi Skype 008"]
[Site "Skype"]
[Date "????.??.??"]
[Round "5.23"]
[White "Porcabeuf, Jean-Marc"]
[Black "Raheja, Shiv"]
[Result "0-1"]
[WhiteElo "1259"]
[BlackElo "1499"]
[PlyCount "30"]

1. d4 e6 2. c4 c5 3. Nf3 Nf6 4. Nc3 Nc6 5. e4 d5 6. cxd5 exd5 7. Bg5 Be7 8.
Bxf6 Bxf6 9. Nxd5 Bxd4 10. Nxd4 cxd4 11. Bb5 Qa5+ 12. Kf1 Qxb5+ 13. Kg1 Qa5 14.
g3 Be6 15. Nc7+ Qxc7 0-1

[Event "Tournoi Skype 008"]
[Site "Skype"]
[Date "????.??.??"]
[Round "5.24"]
[White "Baker, Abi"]
[Black "Vervoort, Jean-Louis"]
[Result "1/2-1/2"]
[WhiteElo "1000"]
[BlackElo "1155"]
[PlyCount "41"]

1. c4 e5 2. e4 d6 3. d3 Nf6 4. Nc3 Nc6 5. Nge2 Be7 6. Be3 O-O 7. g3 Bg4 8. Bg2
Bxe2 9. Qxe2 Qd7 10. a3 Ng4 11. Nd5 Nxe3 12. Nxe3 Bg5 13. Nf5 g6 14. Qg4 Qd8
15. h4 Be7 16. f4 Nd4 17. Nh6+ Kg7 18. Nf5+ Kg8 19. Nh6+ Kg7 20. Nf5+ Kg8 21.
Nh6+ 1/2-1/2

[Event "Tournoi Skype 008"]
[Site "Skype"]
[Date "????.??.??"]
[Round "5.25"]
[White "Gabriele, Noel"]
[Black "Antonic, Nenad"]
[Result "0-1"]
[WhiteElo "1499"]
[BlackElo "1525"]
[PlyCount "54"]

1. e4 e6 2. d4 c5 3. Nf3 d5 4. e5 Nc6 5. Bb5 Bd7 6. Bxc6 Bxc6 7. O-O Ne7 8.
dxc5 Ng6 9. Be3 Qc7 10. Qd4 Ne7 11. g4 h5 12. Nh4 hxg4 13. Qxg4 Qxe5 14. c3 Ng6
15. Bd4 Qc7 16. Nf3 O-O-O 17. Nbd2 Rh7 18. Rae1 Be7 19. Be5 Nxe5 20. Nxe5 Bf6
21. Ndf3 Bxe5 22. Rxe5 Rdh8 23. Qg2 d4 24. cxd4 Bxf3 25. Qg3 Bd5 26. a3 Rxh2
27. Qxg7 Rh1# 0-1

[Event "Tournoi Skype 008"]
[Site "Skype"]
[Date "????.??.??"]
[Round "5.26"]
[White "Coude, Josue"]
[Black "Capdeville, Jean"]
[Result "0-1"]
[WhiteElo "1242"]
[BlackElo "1494"]
[PlyCount "128"]

1. e4 e5 2. Nf3 d6 3. Bb5+ Bd7 4. Nc3 Nf6 5. d3 h6 6. O-O a6 7. Bc4 b5 8. Bd5
Nxd5 9. Nxd5 c6 10. Nc3 Be7 11. Qd2 Be6 12. h3 Nd7 13. Re1 O-O 14. Qe2 Bf6 15.
Be3 Re8 16. Qd2 a5 17. a3 a4 18. b4 axb3 19. Reb1 bxc2 20. Qxc2 d5 21. a4 Ra5
22. Bd2 d4 23. Ne2 Qb6 24. Bxa5 Qc5 25. Qxc5 Nxc5 26. Rc1 Nb3 27. Rcb1 Nxa1 28.
Rxa1 Ra8 29. Bb4 Rxa4 30. Rb1 Ra2 31. Nc1 Ra4 32. Bd2 Kf8 33. Ne2 Ra3 34. Bb4+
c5 35. Bxa3 b4 36. Bc1 g5 37. Bd2 Ke7 38. Rc1 Kd6 39. Ra1 Kc6 40. Ra6+ Kb5 41.
Ra7 Kb6 42. Ra4 Kb5 43. Ra8 b3 44. Rb8+ Ka4 45. Ra8+ Kb5 46. Ra5+ Kb6 47. Ra3
Kb5 48. Ra5+ Kb6 49. Ra1 Kb5 50. Ra5+ Kb6 51. Ra1 c4 52. dxc4 Bxc4 53. Ra4 Bxe2
54. Rb4+ Kc5 55. Ne1 Bc4 56. Rb8 h5 57. Rc8+ Kb5 58. Rb8+ Ka4 59. Ra8+ Kb5 60.
Rb8+ Kc6 61. Rc8+ Kb5 62. Rb8+ Ka6 63. Ra8+ Kb7 64. Ra1 h4 0-1

[Event "Tournoi Skype 008"]
[Site "Skype"]
[Date "????.??.??"]
[Round "5.27"]
[White "Clayton, Estelita"]
[Black "Ouellet, Emile"]
[Result "1-0"]
[WhiteElo "1299"]
[BlackElo "1331"]
[PlyCount "51"]

1. Nf3 Nf6 2. c4 c5 3. Nc3 e6 4. d4 cxd4 5. Nxd4 Bc5 6. e3 d5 7. cxd5 exd5 8.
Bb5+ Bd7 9. O-O Bxb5 10. Ncxb5 O-O 11. Qc2 Nbd7 12. Nf3 a6 13. Nc3 Rc8 14. Qd3
Re8 15. Nxd5 Ne5 16. Nxe5 Rxe5 17. Nxf6+ Qxf6 18. Qd7 Re7 19. Qxc8+ Re8 20.
Qxe8+ Bf8 21. Rd1 Qe7 22. Qxe7 Bxe7 23. Rd7 Kf8 24. Rxb7 f6 25. Bd2 Kf7 26. Bb4
1-0

[Event "Tournoi Skype 008"]
[Site "Skype"]
[Date "????.??.??"]
[Round "5.28"]
[White "Tang, Kim Oanh"]
[Black "Armingaud, Jean-Claude"]
[Result "1-0"]
[WhiteElo "1299"]
[BlackElo "1294"]
[PlyCount "63"]

1. d4 Nf6 2. Nf3 d5 3. Nc3 Bf5 4. Bg5 h6 5. Bh4 e6 6. e3 Bg4 7. h3 Bxf3 8. Qxf3
g5 9. Bg3 Bg7 10. Bb5+ Nc6 11. O-O a6 12. Ba4 b5 13. Bb3 Rb8 14. Rfe1 O-O 15.
a3 Na5 16. Ba2 Re8 17. Rad1 b4 18. axb4 Rxb4 19. b3 Rb6 20. e4 Rc6 21. exd5
Nxd5 22. Nxd5 exd5 23. Rxe8+ Qxe8 24. Qxd5 Kf8 25. Qxa5 Rxc2 26. Re1 Qd7 27.
Be5 Bxe5 28. Rxe5 Qxd4 29. Rf5 Rc1+ 30. Kh2 Rf1 31. Qxc7 Rxf2 32. Qxf7# 1-0

[Event "Tournoi Skype 008"]
[Site "Skype"]
[Date "????.??.??"]
[Round "5.29"]
[White "Blaevoet, Rebecca"]
[Black "Picard, Mario"]
[Result "0-1"]
[WhiteElo "1138"]
[BlackElo "1270"]
[PlyCount "70"]

1. e4 e5 2. Nf3 Nc6 3. b3 Nf6 4. d3 Be7 5. Bb2 d6 6. Be2 O-O 7. O-O Bg4 8. h3
Bxf3 9. Bxf3 Nd4 10. Nd2 Nxf3+ 11. Nxf3 c6 12. c3 Qc7 13. b4 Rad8 14. a4 a6 15.
a5 d5 16. Ra3 dxe4 17. Ng5 Rxd3 18. Qc2 Rfd8 19. Qb3 Nd5 20. f3 Bxg5 21. fxe4
Be3+ 22. Kh2 Bf4+ 23. Kh1 Rg3 24. exd5 cxd5 25. b5 Qd7 26. Re1 Rxh3+ 27. gxh3
Qxh3+ 28. Kg1 Qh2+ 29. Kf1 Qh1+ 30. Kf2 Qh4+ 31. Kf3 e4+ 32. Ke2 Qh2+ 33. Kf1
e3 34. Qc2 Qxc2 35. Bc1 Qf2# 0-1

[Event "Tournoi Skype 008"]
[Site "Skype"]
[Date "????.??.??"]
[Round "5.30"]
[White "Amnir, Wassime"]
[Black "Martin, Elise"]
[Result "0-1"]
[WhiteElo "1190"]
[BlackElo "1234"]
[PlyCount "52"]

1. e4 c5 2. Nf3 a6 3. c4 d6 4. Bd3 Nf6 5. O-O e5 6. Qa4+ Bd7 7. Qb3 Nc6 8. Qxb7
Na5 9. Qxa8 Qxa8 10. Nc3 h6 11. Nd5 Nxd5 12. exd5 g5 13. Re1 g4 14. Nh4 Qd8 15.
g3 Be7 16. Ng2 h5 17. a3 Nb3 18. Rb1 h4 19. Re4 Rg8 20. a4 hxg3 21. hxg3 Bf5
22. Re3 Bg5 23. Bxf5 Qf6 24. Bxg4 Qh6 25. Rxb3 Rh8 26. Rb6 Qh1# 0-1